| 000 | 00719cam a2200265 a 4500 | ||
|---|---|---|---|
| 001 | 38409 | ||
| 005 | 20230410101735.0 | ||
| 008 | 990917s1998 ht 000 1 fre | ||
| 010 | _a 99507579 | ||
| 035 | _a(OCoLC)ocm43701805 | ||
| 040 |
_aDLC _cDLC |
||
| 020 | _z9807250 | ||
| 029 | 1 |
_aAU@ _b000020977406 |
|
| 035 | _a(OCoLC)43701805 | ||
| 050 | 1 | 4 |
_a110 PQ 3949.2 _bV141g 1998 |
| 100 | 1 | _aValcin, Georges M. | |
| 245 | 1 | 0 |
_aGéniale vengeance : _broman / _cGeorges M. Valcin. |
| 260 |
_a[Port-au-Prince, Haíti] : _bLes Editions Valcin, _c[1998] |
||
| 300 |
_a180 p. ; _c21 cm. |
||
| 650 | 4 | _aCEH | |
| 650 | 4 | _aColección Estudios Haitianos | |
| 942 |
_2lcc _cbk |
||
| 994 |
_aC0 _bDRFGD |
||
| 966 | _aRCH | ||
| 999 |
_c13178 _d13178 |
||